000 00621nam a2200217Ii 4500
003 JO-AjNU
008 230605s9999||||xx |||||||||||||| ||und||
017 _a2013/7/2691
040 _aJO-AjNU
_bara
_erda
_cJO-AjNU
041 _aara
050 1 4 _aBP161.3 2013
100 3 _aتاليف عبد الهادي، نصر,
_eauthor
_957471
245 0 0 _aطريق الهدى
250 _aط2
264 3 1 _aعمان:المولف، 2013
300 _a116ص
336 _atext
_btxt
_2rdacontent
337 _aunmediated
_bn
_2rdamedia
338 _avolume
_bnc
_2rdacarrier
650 4 _aالاسلام - ديانات
_957472
999 _aA25758
_c29326
_d29326